000 00407nam a2200181Ia 4500
001 2797
005 20260306144833.0
008 260306t2003||||xx |||||||||||||| ||spa||
041 _aESP
082 _a230.01
_bJ25
100 _aJaspers, Karl
_eAUT
245 0 _aLa fé filosófica
260 _c2003
300 _a175 páginas :
_c21 cm.
650 _aGEN
654 _aCHU
942 _cLIB
_dJUS
_fJUS
_2ddc
_n
999 _c2797
_d2797